[Event "Niedersachsen-chT U16"]
[Site "Verden"]
[Date "2001.05.27"]
[Round "7.3"]
[White "Prenzler, Daniel"]
[Black "Bussas, Andreas"]
[Result "1-0"]
[WhiteElo "1462"]
[BlackElo "1060"]
[PlyCount "41"]
[EventDate "2001.05.??"]
[EventType "team"]
[EventRounds "7"]
[EventCountry "GER"]
[SourceTitle "EXT 2003"]
[Source "ChessBase"]
[SourceDate "2002.11.25"]
[SourceVersion "1"]
[SourceVersionDate "2002.11.25"]
[SourceQuality "1"]

1. e4 e5 2. Nf3 Nc6 3. Bc4 Bc5 4. c3 Nf6 5. d3 d6 6. b4 Bb6 7. a4 a5 8. b5 Ne7 9. Qb3 0-0 10. 0-0 c6 11. Ba3 Bg4 12. Nbd2 Qd7 13. bxc6 Qxc6 14. Nxe5 Qc7 15. Nxf7 d5 16. exd5 Nexd5 17. Bxf8 Rxf8 18. Bxd5 Nxd5 19. Qxd5 Rxf7 20. Rae1 Qc8 21. Re7 1-0

[Event "Niedersachsen-chT U16"]
[Site "Verden"]
[Date "2001.05.26"]
[Round "5.3"]
[White "Bussas, Andreas"]
[Black "Opaska, Ines"]
[Result "0-1"]
[WhiteElo "1060"]
[BlackElo "1204"]
[PlyCount "88"]
[EventDate "2001.05.??"]
[EventType "team"]
[EventRounds "7"]
[EventCountry "GER"]
[SourceTitle "EXT 2003"]
[Source "ChessBase"]
[SourceDate "2002.11.25"]
[SourceVersion "1"]
[SourceVersionDate "2002.11.25"]
[SourceQuality "1"]

1. e4 d5 2. exd5 Qxd5 3. Nc3 Qa5 4. d4 Nf6 5. Bd2 Qb6 6. Nf3 Bf5 7. Bc4 e6 8. a3 Be7 9. Na4 Qc6 10. Qe2 0-0 11. Nc3 Bxc2 12. 0-0 Bf5 13. Rfe1 Nbd7 14. Bg5 Nb6 15. Ne5 Qd6 16. Rad1 c6 17. Bd3 Bxd3 18. Qxd3 h6 19. Bh4 Qc7 20. Bg3 Bd6 21. Ne4 Nxe4 22. Qxe4 f6 23. Ng6 Rfe8 24. Bxd6 Qxd6 25. Re3 e5 26. g3 exd4 27. Qxd4 Qxd4 28. Rxd4 Rxe3 29. fxe3 Re8 30. Kf2 Kf7 31. Nf4 g5 32. Nd3 f5 33. Nc5 Re7 34. Rd6 Kg7 35. b4 Nc4 36. Re6 Rxe6 37. Nxe6+ Kf6 38. Nd8 Nd6 39. Kf3 Ke7 40. Nxb7 Nxb7 41. g4 Kf6 42. h3 Nd6 43. a4 a6 44. a5 Ne4 0-1

[Event "Niedersachsen-chT U16"]
[Site "Verden"]
[Date "2001.05.25"]
[Round "3.3"]
[White "Bussas, Andreas"]
[Black "Karcher, Benjamin"]
[Result "1-0"]
[WhiteElo "1060"]
[BlackElo "1164"]
[PlyCount "53"]
[EventDate "2001.05.??"]
[EventType "team"]
[EventRounds "7"]
[EventCountry "GER"]
[SourceTitle "EXT 2003"]
[Source "ChessBase"]
[SourceDate "2002.11.25"]
[SourceVersion "1"]
[SourceVersionDate "2002.11.25"]
[SourceQuality "1"]

1. e4 c5 2. Nc3 Nc6 3. g3 e5 4. Bg2 d6 5. d3 Be6 6. Nge2 Qd7 7. 0-0 Nf6 8. f4 Bh3 9. f5 Bxg2 10. Kxg2 Be7 11. Bg5 Qd8 12. Bxf6 Bxf6 13. Nd5 Nb8 14. c4 Nd7 15. Nec3 a6 16. a4 h5 17. h4 g5 18. fxg6 fxg6 19. Qf3 Rf8 20. Nxf6+ Nxf6 21. Nd5 Nh7 22. Qe3 Rxf1 23. Rxf1 Rb8 24. Qh6 Kd7 25. Qxh7+ Kc6 26. Rf7 Rc8 27. Ne7+ 1-0